Statistiques concernant Naruto - Les Sharingan

Cliquez ici pour prendre le quiz!

Statistiques générales

  • Ce quiz a été pris 162 fois
  • Le résultat moyen est 7 sur 12

Statistiques - réponses

Réponse% Correct
Madara
100%
Sasuke
99%
Itachi
96%
Obito
96%
Shisui
93%
Fugaku
60%
Izuna
51%
Shin
37%
Baru
10%
Naka
9%
Naori
9%
Rai
9%

Distribution des résultats

Percentile par nombre de réponses

% des personnes avec chaque résultat

Votre développement - résultats

Vous n’avez pas pris ce quiz